Crime and criminology
שמור ב:
| מחבר ראשי: | |
|---|---|
| פורמט: | ספר |
| שפה: | Undetermined |
| יצא לאור: |
Boston, Mass.
McGraw-Hill
2000
|
| נושאים: | |
| תגים: |
הוספת תג
אין תגיות, היה/י הראשונ/ה לתייג את הרשומה!
|
| Thư viện lưu trữ: | Trung tâm Học liệu Trường Đại học Cần Thơ |
|---|
| LEADER | 00513nam a2200205Ia 4500 | ||
|---|---|---|---|
| 001 | CTU_115791 | ||
| 008 | 210402s9999 xx 000 0 und d | ||
| 020 | |c 100.63 | ||
| 082 | |a 364 | ||
| 082 | |b R358 | ||
| 100 | |a Reid, Sue Titus | ||
| 245 | 0 | |a Crime and criminology | |
| 245 | 0 | |c Sue Titus Ried | |
| 260 | |a Boston, Mass. | ||
| 260 | |b McGraw-Hill | ||
| 260 | |c 2000 | ||
| 650 | |a Criminology,Crime | ||
| 650 | |z United States | ||
| 904 | |i Mai | ||
| 980 | |a Trung tâm Học liệu Trường Đại học Cần Thơ | ||